BIBLIOTECA PODER JUDICIAL
Portal Judicial TDF

La víctima en el proceso penal : (Registro nro. 6520)

000 -LEADER
fixed length control field 01071nab a22002657a 4500
003 - CONTROL NUMBER IDENTIFIER
control field OSt
005 - DATE AND TIME OF LATEST TRANSACTION
control field 20260219104422.0
008 - FIXED-LENGTH DATA ELEMENTS--GENERAL INFORMATION
fixed length control field 190429b xxu||||| |||| 00| 0 spa d
040 ## - CATALOGING SOURCE
Transcribing agency PJ
100 ## - MAIN ENTRY--PERSONAL NAME
9 (RLIN) 7124
Personal name Aguirre, Tomás
245 13 - TITLE STATEMENT
Title La víctima en el proceso penal :
Remainder of title un cambio de paradigma en la etapa ejecutiva de la pena /
Statement of responsibility, etc Tomás Aguirre
260 ## - PUBLICATION, DISTRIBUTION, ETC. (IMPRINT)
Date of publication, distribution, etc Ciudad Autónoma de Buenos Aires :
Place of publication, distribution, etc Thomson Reuters La Ley,
Name of publisher, distributor, etc 2024.
300 ## - PHYSICAL DESCRIPTION
Extent p. 241-252
500 ## - GENERAL NOTE
General note Cita: TR LALEY AR/DOC/1403/2024
505 ## - FORMATTED CONTENTS NOTE
Title Si te interesa el texto completo, solicitalo a koha@justierradelfuego.gov.ar
650 #0 - SUBJECT ADDED ENTRY--TOPICAL TERM
9 (RLIN) 343
Topical term or geographic name as entry element DERECHO PENAL
650 #0 - SUBJECT ADDED ENTRY--TOPICAL TERM
9 (RLIN) 2348
Topical term or geographic name as entry element PROCESO PENAL
650 #0 - SUBJECT ADDED ENTRY--TOPICAL TERM
9 (RLIN) 4885
Topical term or geographic name as entry element DERECHOS DE LA VÍCTIMA
650 #0 - SUBJECT ADDED ENTRY--TOPICAL TERM
9 (RLIN) 4048
Topical term or geographic name as entry element CUMPLIMIENTO DE LA PENA
650 #0 - SUBJECT ADDED ENTRY--TOPICAL TERM
9 (RLIN) 1247
Topical term or geographic name as entry element MEDIOS DE COMUNICACION
650 #0 - SUBJECT ADDED ENTRY--TOPICAL TERM
9 (RLIN) 4022
Topical term or geographic name as entry element MINISTERIO PÚBLICO FISCAL
650 #0 - SUBJECT ADDED ENTRY--TOPICAL TERM
Topical term or geographic name as entry element PARTICULAR DAMNIFICADO
773 0# - HOST ITEM ENTRY
Host Biblionumber 2658
Host Itemnumber 3164
Title Revista de derecho penal y criminología. Nº 7 - Julio 2024
Place, publisher, and date of publication Ciudad Autónoma de Buenos Aires : Thomson Reuters La Ley, 2017-
International Standard Serial Number 00347914
942 ## - ADDED ENTRY ELEMENTS (KOHA)
Source of classification or shelving scheme
Koha item type Analítica Artículo de Revista

No hay ítems disponibles.

12 de Octubre 789 Ushuaia - Tel:  54(02901)441571
Horario de Atención: 8.00 a 17.00 hs. 
bibliotecaush@justierradelfuego.gov.ar
koha@justierradelfuego.gov.ar
Seguinos en nuestras redes @bibliojustdf 

Con tecnología Koha